Normal view
MARC view
Entry Personal Name
001 - CONTROL NUMBER
- control field: 14142
003 - CONTROL NUMBER IDENTIFIER
- control field: BD-RjUL
005 - DATE AND TIME OF LATEST TRANSACTION
- control field: 20241106151947.0
008 - FIXED-LENGTH DATA ELEMENTS
- fixed length control field: 241106|| aca||aabn | a|a d
040 ## - CATALOGING SOURCE
- Original cataloging agency: BD-RjUL
- Transcribing agency: BD-RjUL
100 ## - HEADING--PERSONAL NAME
- Personal name: কাদির, হাসানুল
670 ## - SOURCE DATA FOUND
- Source citation: Work cat.: (BD-RjUL)84252: কাদির, হাসানুল , মাতৃবন্ধু এএইচএম নোমান /